| 000 | 00731cab a22002055a 4500 | ||
|---|---|---|---|
| 001 | L160225 | ||
| 008 | 190429e2019 xxk 000 0 eng d | ||
| 035 | _a(Sirsi) u160225 | ||
| 041 | 0 | _aeng | |
| 100 | 1 | _aHobbs, Nick | |
| 245 | 0 | 0 | _aAdapting shops for sensory disabilites |
| 260 | _c2019 | ||
| 490 |
_aRICS Property Journal _vJanuary-February 2019, 38-40(3) |
||
| 520 | _aShopping centres are helping customers with sensorydisabilities such as autism by hosting special Sensory days. Includes case studies and offers tips on making shopping centres more sensory accessible. | ||
| 590 | _aNTK | ||
| 651 | 4 | _aUnited Kingdom | |
| 690 |
_aCommercial property _96227 |
||
| 690 |
_aProperty management _96262 |
||
| 942 |
_n0 _2ddc |
||
| 999 |
_c85193 _d85193 |
||